| 000 | 01405cem a2200421 a 4500 | ||
|---|---|---|---|
| 001 | 12025897 | ||
| 003 | OSt | ||
| 005 | 20170105101214.0 | ||
| 007 | ad|canzn | ||
| 008 | 000531s2000 dcu br e i 0 eng | ||
| 010 | _a 00267719 | ||
| 020 | _a0821345524 | ||
| 040 |
_aDLC _cDLC _dDLC |
||
| 041 | 0 | _aengfrespa | |
| 050 | 0 | 0 |
_aG1046.G1 _bW6 2000 |
| 052 | _a3201 | ||
| 072 | 7 |
_aG1 _2lcg |
|
| 072 | 7 |
_aE2 _2lcg |
|
| 082 | 0 | 0 |
_a339.3/1/0223 _221 |
| 110 | 2 | _aWorld Bank. | |
| 245 | 1 | 0 | _aWorld Bank atlas, 2000. |
| 250 | _a[32nd ed.]. | ||
| 255 |
_aScale not given ; _bRobinson proj. |
||
| 260 |
_aWashington, DC : _bWorld Bank, _cc2000. |
||
| 300 |
_a1 atlas (63 p.) : _bcol ill., col. maps ; _c22 x 28 cm. |
||
| 500 | _aShows the fundamental development topics of people, environment, economy and states, markets, and global links. | ||
| 500 | _a"From the World development indicators." | ||
| 500 | _aCover title. | ||
| 546 | _aEnglish, French, and Spanish. | ||
| 650 | 0 |
_aGross national product _vMaps. |
|
| 650 | 0 |
_aPopulation _vStatistics _vMaps. |
|
| 710 | 2 | _aWorld Bank. | |
| 730 | 0 | _aWorld development indicators. | |
| 856 | 4 | 2 |
_3Publisher description _uhttp://www.loc.gov/catdir/enhancements/fy0636/00267719-d.html |
| 906 |
_a7 _bcbc _corigcop _du _encip _f20 _gy-geogmaps |
||
| 942 |
_2ddc _cBK |
||
| 999 |
_c3341 _d3341 |
||